Datum a čas kvízu
28.5
Celkem bodů
Celkový počet nahraných bodů na tomto kvízu bez doplňovacích otázek.
11.
Pořadí na kvízu
Konečné umístění týmu na tomto kvízu.
Zaznamenané odpovědi
| # | Otázka | Odpověď | Body | Výsledky |
|---|---|---|---|---|
| 1. | V úterý byli do pražské zoo př... | (lední) medvědi | 0 | |
| 2. | Buckinghamský palác odhalil v... | D) motýl | 0 | |
| 3. | Minulý týden začal režisér Tom... | Tři princezny | 0 | |
| 4. | Podnikatel Jan Čermák minulý t... | TV Barrandov | 1 | |
| 5. | Sudí Jan Smit dostal v nejmeno... | v Nizozemsku | 0 | |
| 6. | Bájného českého knížete Kroka,... | Krakov | 0 | |
| 7. | Podle pověsti prý zvony z kost... | ve čtvrtek (na Zelený čtvrtek) | 0 | |
| 8. | Přiřaďte k sobě dvojice hrdinů... | 1A 2D 3B 4C | 1 | |
| 9. | Václav Podbrdský byl kameník,... | A | 0 | |
| 10. | Pokud dokážete určit, co tento... | Stadice | 0 |